[Event "Goldener Springer 2017"]
[Site "Frankfurt/Main"]
[Date "2017.??.??"]
[Round "2.14"]
[White "Olesiak, Marcin"]
[Black "Deppe, Leo Max"]
[Result "1-0"]
[WhiteElo "2008"]
[BlackElo "1780"]
[PlyCount "57"]
[EventDate "2017.??.??"]
[WhiteTeam "SV Oberursel"]
[BlackTeam "SC Bad Soden"]

1. d4 Nf6 2. Nf3 e6 3. g3 b6 4. Bg2 Bb7 5. O-O Be7 6. c4 O-O 7. b3 d5 8. Nbd2
Ne4 9. Bb2 Nd7 10. Qc2 c5 11. Rfd1 Rc8 12. Nxe4 dxe4 13. Ne5 Nf6 14. dxc5 Qc7
15. cxb6 axb6 16. Qc3 b5 17. Rd7 Nxd7 18. Nxd7 f6 19. Nxf8 Bxf8 20. e3 bxc4 21.
Rc1 Bd5 22. Bf1 Qa7 23. bxc4 Qxa2 24. Ra1 Rxc4 25. Bxc4 Qxc4 26. Qa5 Kf7 27.
Qd8 Qc6 28. Ra7+ Kg8 29. Ba3 1-0

[Event "Goldener Springer 2017"]
[Site "Frankfurt/Main"]
[Date "2017.??.??"]
[Round "3.1"]
[White "Stockmann, Michael"]
[Black "Kirschner, Philipp"]
[Result "1-0"]
[WhiteElo "2220"]
[BlackElo "1816"]
[PlyCount "35"]
[EventDate "2017.??.??"]
[WhiteTeam "SF Schöneck"]
[BlackTeam "Sfr. Kelkheim"]

1. d4 Nf6 2. b3 d5 3. Nf3 Bg4 4. Ne5 Bh5 5. g3 e6 6. Bg2 Nbd7 7. c4 Bb4+ 8. Bd2
Bxd2+ 9. Qxd2 c6 10. cxd5 cxd5 11. Nd3 Qb6 12. Nf4 Bg4 13. Nc3 Qa5 14. f3 Rc8
15. Ncxd5 Qxd2+ 16. Kxd2 exd5 17. fxg4 Nxg4 18. Nxd5 1-0

[Event "Goldener Springer 2017"]
[Site "Frankfurt/Main"]
[Date "2017.??.??"]
[Round "3.2"]
[White "Poetsch, Hagen"]
[Black "Kuban, Guenter"]
[Result "1-0"]
[WhiteElo "2498"]
[BlackElo "2127"]
[PlyCount "81"]
[EventDate "2017.??.??"]
[WhiteTeam "SF Schöneck"]
[BlackTeam "SV Oberursel"]

1. e4 c5 2. Nf3 Nc6 3. d4 cxd4 4. Nxd4 Nf6 5. Nc3 e6 6. Nxc6 bxc6 7. e5 Nd5 8.
Ne4 Qc7 9. f4 Qb6 10. c4 Bb4+ 11. Ke2 f5 12. Nf2 Bc5 13. Nd3 Nb4 14. Nxc5 Qxc5
15. Kf3 g5 16. Be3 Qe7 17. fxg5 f4 18. Bxf4 O-O 19. Kg3 Bb7 20. Qd2 c5 21. Be2
Rxf4 22. Qxf4 Rf8 23. Qd2 Qg7 24. Rhf1 Qxe5+ 25. Kh3 Rf5 26. Rxf5 Qxf5+ 27. Bg4
Qd3+ 28. Qxd3 Nxd3 29. Kg3 Kf7 30. h4 Ne5 31. Be2 Ke7 32. Rf1 d5 33. h5 d4 34.
Bd3 Nxd3 35. g6 hxg6 36. h6 Be4 37. h7 Nxb2 38. h8=Q Nxc4 39. Qf8+ Kd7 40. Rf7+
Kc6 41. Qe8+ 1-0

[Event "Goldener Springer 2017"]
[Site "Frankfurt/Main"]
[Date "2017.??.??"]
[Round "3.3"]
[White "Telljohann, Sven"]
[Black "Rosenberger, Frank"]
[Result "1-0"]
[WhiteElo "2412"]
[BlackElo "2112"]
[PlyCount "87"]
[EventDate "2017.??.??"]
[WhiteTeam "Frankfurter TV"]
[BlackTeam "SK Gernsheim"]

1. Nf3 d5 2. g3 Nf6 3. Bg2 c6 4. O-O Bg4 5. d3 Nbd7 6. b3 e5 7. Bb2 Bd6 8. Qe1
O-O 9. e4 dxe4 10. dxe4 Re8 11. a4 a5 12. h3 Bxf3 13. Bxf3 b5 14. Qe2 Qb6 15.
Nc3 b4 16. Nb1 Bc5 17. Nd2 Bd4 18. Nc4 Qc5 19. Bxd4 exd4 20. Qd3 Ne5 21. Nxe5
Qxe5 22. Rfe1 Rad8 23. Rad1 Qc5 24. Bg2 g6 25. f4 Nh5 26. Kh2 Ng7 27. Re2 Ne6
28. Red2 h5 29. h4 Nc7 30. Qf3 Ne6 31. Bf1 Qc3 32. Qg2 Nc5 33. e5 Ne6 34. Bc4
c5 35. Rd3 Qb2 36. R1d2 Qc1 37. Rf2 Ng7 38. Qc6 Ne6 39. Qe4 Nf8 40. f5 g5 41.
e6 fxe6 42. fxe6 Re7 43. Rdf3 gxh4 44. Rxf8+ 1-0

[Event "Goldener Springer 2017"]
[Site "Frankfurt/Main"]
[Date "2017.??.??"]
[Round "3.4"]
[White "Henrich, David"]
[Black "Voellinger, Florian"]
[Result "1/2-1/2"]
[WhiteElo "2170"]
[BlackElo "1803"]
[PlyCount "129"]
[EventDate "2017.??.??"]
[WhiteTeam "SK Niederbrechen"]
[BlackTeam "SF Dettingen"]

1. c4 e6 2. Nf3 d5 3. e3 Nf6 4. Nc3 Be7 5. b3 O-O 6. Bb2 b6 7. Be2 Bb7 8. O-O
c5 9. cxd5 Nxd5 10. a3 Nd7 11. Qc2 Bf6 12. Rac1 Qe7 13. Qb1 Rac8 14. Rfe1 Rfd8
15. Bf1 a6 16. Nxd5 Bxd5 17. d4 cxd4 18. Rxc8 Rxc8 19. exd4 Qd6 20. Be2 b5 21.
Nd2 Qf4 22. Qd3 Bg5 23. Rd1 Nf6 24. g3 Qd6 25. f4 Bh6 26. Bf3 g6 27. Ne4 Nxe4
28. Bxe4 Bg7 29. Rd2 Qc6 30. Rc2 Qxc2 31. Qxc2 Rxc2 32. Bxc2 Kf8 33. Kf2 Ke7
34. Ke3 h5 35. Bc3 Kd6 36. Bb4+ Kc6 37. Be7 Kd7 38. Bc5 Bf6 39. Kd2 Bd8 40. Kc3
Ba5+ 41. Bb4 Bb6 42. Bd3 Kc6 43. a4 Bc7 44. Be7 Ba5+ 45. Bb4 Bc7 46. Bc5 Ba5+
47. b4 Bc7 48. axb5+ axb5 49. Kd2 h4 50. Be7 hxg3 51. hxg3 Bb6 52. Ke3 Bc7 53.
Kf2 Bb6 54. Bc5 Bd8 55. Kg1 f5 56. Kf2 Bf6 57. Ke3 g5 58. Bf8 g4 59. Bc5 Bd8
60. Be2 Bf6 61. Bd3 Bd8 62. Be2 Bf6 63. Bd1 Bc4 64. Bc2 Bd5 65. Bd3 1/2-1/2

[Event "Goldener Springer 2017"]
[Site "Frankfurt/Main"]
[Date "2017.??.??"]
[Round "3.5"]
[White "Czybik, Nils Patrick"]
[Black "Olesiak, Marcin"]
[Result "0-1"]
[WhiteElo "2150"]
[BlackElo "2008"]
[PlyCount "60"]
[EventDate "2017.??.??"]
[WhiteTeam "SF Erkelenz 1959"]
[BlackTeam "SV Oberursel"]

1. Nf3 Nf6 2. g3 e6 3. Bg2 Be7 4. c4 O-O 5. b3 d5 6. Bb2 c6 7. O-O Nbd7 8. e3
b6 9. Qe2 Qc7 10. d4 Bb7 11. Nc3 Rac8 12. Rac1 Qb8 13. e4 dxe4 14. Nd2 c5 15.
Ncxe4 cxd4 16. Bxd4 Qa8 17. Rfd1 Rfd8 18. Nxf6+ Bxf6 19. Bxb7 Qxb7 20. Ne4 Be7
21. Qg4 Bf8 22. Nd6 Qc6 23. Nxc8 Rxc8 24. Bb2 Nc5 25. Rd4 f5 26. Qe2 Ne4 27. f3
Bc5 28. fxe4 e5 29. exf5 exd4 30. b4 d3+ 0-1

[Event "Goldener Springer 2017"]
[Site "Frankfurt/Main"]
[Date "2017.??.??"]
[Round "3.6"]
[White "Wolff, Peter"]
[Black "Scholz, Michael"]
[Result "1-0"]
[WhiteElo "1921"]
[BlackElo "1864"]
[PlyCount "69"]
[EventDate "2017.??.??"]
[WhiteTeam "VSG Offenbach"]
[BlackTeam "SK Mömbris"]

1. c4 Nf6 2. g3 c5 3. Bg2 Nc6 4. Nc3 d6 5. d3 Bd7 6. Nf3 Rb8 7. O-O a6 8. h3 g6
9. e4 Bg7 10. Bg5 h6 11. Be3 O-O 12. Qd2 Kh7 13. d4 Nxd4 14. Nxd4 cxd4 15. Bxd4
b5 16. cxb5 axb5 17. Kh2 Qa5 18. Rfe1 b4 19. Nd5 e5 20. Nxf6+ Bxf6 21. Be3 Bg7
22. Qxd6 Rfd8 23. Qc5 Rb5 24. Qe7 Be6 25. Bf1 Rd7 26. Qe8 Rbb7 27. Red1 Rxd1
28. Rxd1 Qxa2 29. Rd8 f5 30. exf5 gxf5 31. Qh5 Qxb2 32. Bc4 Re7 33. Bxe6 Rxe6
34. Qxf5+ Rg6 35. Rd6 1-0

[Event "Goldener Springer 2017"]
[Site "Frankfurt/Main"]
[Date "2017.??.??"]
[Round "3.7"]
[White "Everett, Elijah"]
[Black "Van der Valk, Niklas"]
[Result "1-0"]
[WhiteElo "2101"]
[BlackElo "2131"]
[PlyCount "123"]
[EventDate "2017.??.??"]
[WhiteTeam "SF Schöneck"]
[BlackTeam "Godesberger SK"]

1. e4 c5 2. Nf3 d6 3. d4 cxd4 4. Nxd4 Nf6 5. Nc3 a6 6. h3 e6 7. g4 Be7 8. Bg2
Nfd7 9. a4 Nc6 10. O-O O-O 11. Be3 Nce5 12. b3 g5 13. Nce2 Ng6 14. Qd2 Nde5 15.
f4 gxf4 16. Nxf4 Nxf4 17. Bxf4 b6 18. Rad1 Bb7 19. Nf3 Nxf3+ 20. Bxf3 e5 21.
Bh6 b5 22. axb5 axb5 23. Bxf8 Bxf8 24. g5 Bc8 25. Bg4 Bxg4 26. hxg4 Qc8 27. Qe2
Ra7 28. Rf5 Ra2 29. Rd2 Qc3 30. Rf3 Ra1+ 31. Kg2 Qc8 32. Rf5 Qc3 33. Qf2 Qc7
34. Qe3 d5 35. exd5 Bc5 36. Qe4 Rg1+ 37. Kh2 Qa5 38. b4 Qa3 39. Rd3 Qc1 40.
bxc5 Re1 41. Qg2 e4 42. Rd2 e3 43. Re2 Qd1 44. Rxe1 Qxe1 45. Rf1 Qh4+ 46. Kg1
e2 47. Qxe2 Qg3+ 48. Qg2 Qe3+ 49. Kh2 Qe5+ 50. Kh3 Qxg5 51. Qf3 Qh6+ 52. Kg2 f6
53. g5 Qh4 54. d6 Qd4 55. Qa8+ Kg7 56. Qb7+ Kg6 57. Rxf6+ Kh5 58. Qxh7+ Kg4 59.
Qf5+ Kh4 60. Qh3+ Kxg5 61. Qf5+ Kh4 62. Rh6# 1-0

[Event "Goldener Springer 2017"]
[Site "Frankfurt/Main"]
[Date "2017.??.??"]
[Round "3.8"]
[White "Winand, Edgar"]
[Black "Shashkin, Igor"]
[Result "1/2-1/2"]
[WhiteElo "1914"]
[BlackElo "2088"]
[PlyCount "90"]
[EventDate "2017.??.??"]
[WhiteTeam "SC Flörsheim"]
[BlackTeam "PTSV SK Hof"]

1. g4 d5 2. Bg2 e5 3. d3 Nc6 4. h3 Be6 5. Nc3 Qd7 6. e4 Nge7 7. Nf3 f6 8. a3
O-O-O 9. Bd2 Kb8 10. b4 d4 11. Na4 Nc8 12. b5 N6e7 13. Nc5 Qd6 14. Bb4 Qb6 15.
Qb1 Ng6 16. Nxe6 Bxb4+ 17. Qxb4 Qxe6 18. Nd2 Nf4 19. Bf3 Qd6 20. Rb1 Qxb4 21.
Rxb4 Nd6 22. a4 Rc8 23. Nc4 Nxc4 24. Rxc4 c6 25. bxc6 Rxc6 26. Rxc6 bxc6 27.
Kd2 Kc7 28. h4 h6 29. Rb1 Rb8 30. Rh1 Ne6 31. g5 hxg5 32. Bg4 Kd6 33. Bxe6 Kxe6
34. hxg5 fxg5 35. Rg1 Kf6 36. Rg3 Rf8 37. c3 c5 38. cxd4 cxd4 39. Rf3+ Ke7 40.
Rxf8 Kxf8 41. Kc2 Ke7 42. Kb3 Kd6 43. Kb4 Kc6 44. f3 Kb6 45. Kc4 Kc6 1/2-1/2

[Event "Goldener Springer 2017"]
[Site "Frankfurt/Main"]
[Date "2017.??.??"]
[Round "3.9"]
[White "Rutsatz, Mario"]
[Black "Gohil, Harry"]
[Result "0-1"]
[WhiteElo "1954"]
[BlackElo "2284"]
[PlyCount "66"]
[EventDate "2017.??.??"]
[WhiteTeam "SF Frankfurt"]
[BlackTeam "TSV Schott Mainz"]

1. d4 Nf6 2. c4 g6 3. Nc3 Bg7 4. Nf3 O-O 5. Bf4 d6 6. e3 Nfd7 7. Be2 e5 8. Bg5
f6 9. Bh4 Nc6 10. O-O g5 11. Bg3 f5 12. dxe5 dxe5 13. h3 h6 14. Qd5+ Kh8 15.
Rfd1 Qe7 16. Qd2 Nc5 17. Ne1 f4 18. Bh2 Be6 19. Nd5 Qf7 20. f3 a5 21. Kh1 Bf5
22. e4 Bg6 23. Bg1 Ne6 24. b3 h5 25. a3 g4 26. b4 Ncd4 27. Qb2 c6 28. Nb6 Rad8
29. Bf1 Ng5 30. Qc3 Bxe4 31. fxe4 Nxe4 32. Qd3 Ng3+ 33. Kh2 e4 0-1

[Event "Goldener Springer 2017"]
[Site "Frankfurt/Main"]
[Date "2017.??.??"]
[Round "3.10"]
[White "Ostermeier, Thorsten"]
[Black "Zalewski, Ulrich"]
[Result "1/2-1/2"]
[WhiteElo "1975"]
[BlackElo "1810"]
[PlyCount "34"]
[EventDate "2017.??.??"]
[WhiteTeam "SF Frankfurt"]
[BlackTeam "Biebertaler SF"]

1. d4 d5 2. Nf3 e6 3. Bf4 f5 4. c4 Nf6 5. a3 c6 6. e3 g6 7. Nc3 Bg7 8. Be2 O-O
9. h3 Nbd7 10. b4 Ne4 11. Qb3 Ndf6 12. O-O Nxc3 13. Qxc3 Ne4 14. Qb3 g5 15. Bh2
g4 16. hxg4 fxg4 17. Ne5 Nd2 1/2-1/2

[Event "Goldener Springer 2017"]
[Site "Frankfurt/Main"]
[Date "2017.??.??"]
[Round "3.11"]
[White "Gutacker, Stephan"]
[Black "Schellen, Sven"]
[Result "1-0"]
[WhiteElo "1886"]
[BlackElo "1856"]
[PlyCount "93"]
[EventDate "2017.??.??"]
[WhiteTeam "Sfr. Kelkheim"]
[BlackTeam "SF Frankfurt"]

1. e4 e5 2. Nf3 Nc6 3. d4 exd4 4. Nxd4 Bb4+ 5. Nc3 Nf6 6. Nxc6 bxc6 7. Bd3 d5
8. exd5 cxd5 9. O-O O-O 10. Bg5 c6 11. Qf3 Be7 12. Rfe1 h6 13. Bxh6 gxh6 14.
Qe3 Ne4 15. Nxe4 f5 16. Nc5 Bg5 17. f4 Bf6 18. Ne6 Bxe6 19. Qxe6+ Kh8 20. Kh1
Qc8 21. Rab1 Rb8 22. Qxc8 Rbxc8 23. Bxf5 Rb8 24. g4 Rb4 25. Re6 Rxf4 26. Rxc6
h5 27. h3 hxg4 28. hxg4 Bd4 29. Kg2 Bb6 30. Kg3 Rc4 31. Rg6 Bc7+ 32. Kg2 Rf7
33. Re1 Bf4 34. Rh1+ Rh7 35. Rxh7+ Kxh7 36. Ra6+ Kg7 37. Rxa7+ Kf6 38. Ra6+ Ke7
39. Kf3 Bd6 40. Ke3 Rb4 41. b3 Rb8 42. Ra5 Rd8 43. Rxd5 Bf4+ 44. Ke4 Bd6 45. a4
Kf6 46. Kd4 Be5+ 47. Kc4 1-0

[Event "Goldener Springer 2017"]
[Site "Frankfurt/Main"]
[Date "2017.??.??"]
[Round "3.14"]
[White "Bitzer, Andre"]
[Black "Deppe, Leo Max"]
[Result "1-0"]
[WhiteElo "1794"]
[BlackElo "1780"]
[PlyCount "91"]
[EventDate "2017.??.??"]
[WhiteTeam "SV Griesheim"]
[BlackTeam "SC Bad Soden"]

1. b3 d5 2. Bb2 Bf5 3. f4 e6 4. Nf3 Nf6 5. e3 Be7 6. g3 c5 7. Bb5+ Nc6 8. Ne5
Qc8 9. d3 O-O 10. Bxc6 bxc6 11. g4 Bg6 12. Nd2 Nd7 13. Nxg6 fxg6 14. g5 e5 15.
Qe2 exf4 16. exf4 Qc7 17. O-O-O Bd6 18. Rhf1 Bxf4 19. Qe6+ Kh8 20. Qe7 d4 21.
Rde1 Bd6 22. Qe6 Rxf1 23. Rxf1 Rf8 24. Rf7 Rxf7 25. Qxf7 Nf8 26. Qf3 Qe7 27.
Ne4 Ne6 28. h4 Nf4 29. Qg4 h6 30. Qc8+ Kh7 31. Qxc6 Be5 32. Nxc5 Ne2+ 33. Kd1
Nc3+ 34. Bxc3 dxc3 35. Ne4 Qf7 36. Ke2 Qf4 37. Qc5 Qh2+ 38. Nf2 Qf4 39. Qe3 Qh2
40. gxh6 gxh6 41. Qxa7+ Kh8 42. Qa8+ Kh7 43. Qb7+ Kg8 44. Qc8+ Kf7 45. Qh3 Qf4
46. Qf3 1-0

[Event "Goldener Springer 2017"]
[Site "Frankfurt/Main"]
[Date "2017.??.??"]
[Round "4.1"]
[White "Stockmann, Michael"]
[Black "Henrich, David"]
[Result "1-0"]
[WhiteElo "2220"]
[BlackElo "2170"]
[PlyCount "81"]
[EventDate "2017.??.??"]
[WhiteTeam "SF Schöneck"]
[BlackTeam "SK Niederbrechen"]

1. d4 d6 2. g3 Nf6 3. Bg2 Nbd7 4. c4 c5 5. Nf3 e6 6. O-O Be7 7. Nc3 a6 8. e4
cxd4 9. Nxd4 Qc7 10. b3 O-O 11. Bb2 Rb8 12. Rc1 Re8 13. Qd2 Bf8 14. h3 Qc5 15.
Rfd1 Qa7 16. Kh1 Nc5 17. Qc2 e5 18. Nf5 Bxf5 19. exf5 e4 20. Ne2 a5 21. Nf4
Nfd7 22. Bd4 Qa6 23. Re1 Qc6 24. Nd5 Rbc8 25. Kg1 b5 26. Bxe4 Nxe4 27. Rxe4
bxc4 28. bxc4 Nc5 29. Bxc5 Qxc5 30. Rxe8 Rxe8 31. Qd3 Re5 32. Rb1 Qc8 33. g4
Qe8 34. Kf1 Qa4 35. Qb3 Qe8 36. Qb5 Qd8 37. Qb8 Qh4 38. Rb3 Qh6 39. f6 gxf6 40.
Kg2 Qg6 41. Rf3 1-0

[Event "Goldener Springer 2017"]
[Site "Frankfurt/Main"]
[Date "2017.??.??"]
[Round "4.2"]
[White "Poetsch, Hagen"]
[Black "Telljohann, Sven"]
[Result "1/2-1/2"]
[WhiteElo "2498"]
[BlackElo "2412"]
[PlyCount "38"]
[EventDate "2017.??.??"]
[WhiteTeam "SF Schöneck"]
[BlackTeam "Frankfurter TV"]

1. e4 g6 2. Nc3 Bg7 3. d4 c6 4. f4 d5 5. e5 h5 6. Nf3 Bg4 7. h3 Bxf3 8. Qxf3 e6
9. Be3 h4 10. O-O-O Nh6 11. Bd3 Bf8 12. Ne2 Nf5 13. Bf2 Nd7 14. Kb1 Be7 15. c4
dxc4 16. Bxc4 Nb6 17. Bb3 Nd5 18. Nc3 Qd7 19. Nxd5 cxd5 1/2-1/2

[Event "Goldener Springer 2017"]
[Site "Frankfurt/Main"]
[Date "2017.??.??"]
[Round "4.3"]
[White "Kuban, Guenter"]
[Black "Wolff, Peter"]
[Result "1-0"]
[WhiteElo "2127"]
[BlackElo "1921"]
[PlyCount "79"]
[EventDate "2017.??.??"]
[WhiteTeam "SV Oberursel"]
[BlackTeam "VSG Offenbach"]

1. d4 d5 2. c4 c6 3. Nf3 Nf6 4. Nc3 e6 5. Bf4 Nbd7 6. Nd2 a6 7. e3 Be7 8. Bd3
O-O 9. Rc1 Re8 10. O-O Nf8 11. Bg3 b5 12. c5 g6 13. f4 Nh5 14. Be1 f5 15. Nf3
Nd7 16. b4 Bb7 17. a4 Qc7 18. h3 Rf8 19. Rc2 Ndf6 20. Ne5 Nd7 21. g4 Ng7 22.
axb5 axb5 23. gxf5 exf5 24. Rg2 Nf6 25. Be2 Kh8 26. Kh1 Ra3 27. Rfg1 Nd7 28.
Rxg6 hxg6 29. Nxg6+ Kg8 30. Nxe7+ Kf7 31. Nexd5 Qd8 32. Nb1 Ra1 33. Bh5+ Nxh5
34. Qxh5+ Ke6 35. Rg6+ Nf6 36. e4 cxd5 37. Qxf5+ Ke7 38. e5 Bc8 39. Rg7+ Rf7
40. Qxf6+ 1-0

[Event "Goldener Springer 2017"]
[Site "Frankfurt/Main"]
[Date "2017.??.??"]
[Round "4.4"]
[White "Olesiak, Marcin"]
[Black "Everett, Elijah"]
[Result "0-1"]
[WhiteElo "2008"]
[BlackElo "2101"]
[PlyCount "80"]
[EventDate "2017.??.??"]
[WhiteTeam "SV Oberursel"]
[BlackTeam "SF Schöneck"]

1. d4 Nf6 2. Nf3 g6 3. g3 Bg7 4. Bg2 O-O 5. O-O d6 6. c4 Nc6 7. Nc3 a6 8. d5
Na5 9. Qd3 c5 10. Nd2 b5 11. e3 Ng4 12. f4 Nxe3 13. Re1 Naxc4 14. Nxc4 Nxc4 15.
a4 Rb8 16. axb5 axb5 17. Qe2 Re8 18. Ra7 Bd7 19. Ne4 Nb6 20. Nf2 Ra8 21. Rxa8
Qxa8 22. Rd1 c4 23. Be3 Na4 24. Bd4 Bxd4 25. Rxd4 Qa7 26. Qd2 Nc5 27. Qc3 Nb3
28. Rd1 Qc5 29. Bf1 Bc8 30. Bg2 b4 31. Qf3 c3 32. bxc3 bxc3 33. Kh1 Nd4 34. Qd3
c2 35. Rc1 Bf5 36. Be4 Rb8 37. g4 Bxe4+ 38. Nxe4 Qxd5 39. Rxc2 Rb3 40. Rc8+ Kg7
0-1

[Event "Goldener Springer 2017"]
[Site "Frankfurt/Main"]
[Date "2017.??.??"]
[Round "4.5"]
[White "Rosenberger, Frank"]
[Black "Gohil, Harry"]
[Result "0-1"]
[WhiteElo "2112"]
[BlackElo "2284"]
[PlyCount "158"]
[EventDate "2017.??.??"]
[WhiteTeam "SK Gernsheim"]
[BlackTeam "TSV Schott Mainz"]

1. e4 c5 2. Nf3 Nc6 3. d4 cxd4 4. Nxd4 e5 5. Nb5 d6 6. Bc4 Be7 7. a4 Nf6 8.
N1c3 a6 9. Na3 O-O 10. O-O Be6 11. Bg5 Ne8 12. Bxe7 Nxe7 13. Qd3 Rc8 14. Rfd1
Qc7 15. Nd5 Bxd5 16. Bxd5 Nf6 17. Bb3 Rcd8 18. Qf3 Qc6 19. Re1 Kh8 20. Rad1 Nd7
21. a5 f5 22. Bd5 Qc7 23. b4 fxe4 24. Qb3 Nxd5 25. Qxd5 Nf6 26. Qc4 Qe7 27. h3
Rc8 28. Qb3 Qc7 29. c4 Qc6 30. Re3 Rfd8 31. Re2 Rd7 32. Red2 Rcd8 33. Nc2 d5
34. cxd5 Rxd5 35. Rxd5 Rxd5 36. Ne3 Rd4 37. Nf5 Rd7 38. Rxd7 Qxd7 39. Ne3 g6
40. Qc4 Qe7 41. b5 axb5 42. Qxb5 Qc7 43. Kh2 Kg7 44. a6 bxa6 45. Qxa6 Nd7 46.
Qe6 Nc5 47. Qg4 Qf7 48. Kg1 h5 49. Qg5 Nd3 50. Nd1 Qa7 51. Ne3 Kf7 52. g4 Qa1+
53. Nf1 Qe1 54. Qe3 hxg4 55. Qxe1 Nxe1 56. hxg4 Nc2 57. Kg2 Kf6 58. Kg3 Kg5 59.
Ne3 Nd4 60. Nc4 Ne2+ 61. Kg2 Kf4 62. Ne3 Nc1 63. Kf1 Kf3 64. Nc4 Nd3 65. g5 Kf4
66. Ke2 Nc5 67. Kd2 Ne6 68. Ne3 Kf3 69. Ke1 Nxg5 70. Nf1 Kf4 71. Ke2 Ne6 72.
Nd2 Nd4+ 73. Kf1 e3 74. fxe3+ Kxe3 75. Nc4+ Kf4 76. Kf2 Nf5 77. Nb6 Ne3 78. Nd7
e4 79. Nf6 Ng4+ 0-1

[Event "Goldener Springer 2017"]
[Site "Frankfurt/Main"]
[Date "2017.??.??"]
[Round "4.6"]
[White "Shashkin, Igor"]
[Black "Voellinger, Florian"]
[Result "1-0"]
[WhiteElo "2088"]
[BlackElo "1803"]
[PlyCount "73"]
[EventDate "2017.??.??"]
[WhiteTeam "PTSV SK Hof"]
[BlackTeam "SF Dettingen"]

1. e4 d5 2. exd5 Qxd5 3. Nc3 Qd6 4. d4 Nf6 5. Bc4 a6 6. Nge2 b5 7. Bd3 Bb7 8.
Bf4 Qb6 9. f3 e6 10. Ne4 Nbd7 11. c3 Be7 12. Be3 O-O 13. N2g3 Rfd8 14. O-O c6
15. Bf2 Qc7 16. Nxf6+ Nxf6 17. Qc2 c5 18. Kh1 h6 19. Rad1 Rac8 20. Qe2 Nd5 21.
Bb1 c4 22. Qc2 g6 23. Ne4 Kg7 24. Rfe1 Bd6 25. Nxd6 Qxd6 26. Bg3 Qe7 27. Be5+
Kh7 28. a3 Qg5 29. Qf2 a5 30. h4 Qe7 31. h5 b4 32. hxg6+ fxg6 33. Qg3 Qf7 34.
axb4 axb4 35. Re4 bxc3 36. Rh4 Nf6 37. Qf4 1-0

[Event "Goldener Springer 2017"]
[Site "Frankfurt/Main"]
[Date "2017.??.??"]
[Round "4.7"]
[White "Winand, Edgar"]
[Black "Gutacker, Stephan"]
[Result "0-1"]
[WhiteElo "1914"]
[BlackElo "1886"]
[PlyCount "102"]
[EventDate "2017.??.??"]
[WhiteTeam "SC Flörsheim"]
[BlackTeam "Sfr. Kelkheim"]

1. Nf3 Nf6 2. b3 b6 3. d4 e6 4. Bb2 Bb7 5. Nbd2 d5 6. e3 Bd6 7. Ne5 O-O 8. f4
Nbd7 9. Bd3 Ne4 10. Nxe4 dxe4 11. Be2 f5 12. O-O Nxe5 13. fxe5 Be7 14. g3 c5
15. c4 Bg5 16. Bc1 cxd4 17. exd4 Bxc1 18. Rxc1 Qg5 19. Rf4 Rfd8 20. Qd2 Rd7 21.
Qe3 Rad8 22. Rd1 Qe7 23. Rf2 g6 24. Bf1 Kg7 25. Bh3 h5 26. Rfd2 Kh7 27. Kf2 Qg7
28. a3 Qh6 29. Qxh6+ Kxh6 30. Ke3 Kg7 31. Bf1 g5 32. Be2 Kg6 33. b4 h4 34. c5
Bd5 35. Bb5 Rf7 36. Rf2 hxg3 37. hxg3 Rh8 38. Bf1 Rhf8 39. Rg2 Rh7 40. Rg1 Rh2
41. Rd2 Rfh8 42. Rgg2 R2h3 43. Rg1 f4+ 44. Ke2 Rh2+ 45. Kd1 f3 46. Bb5 f2 47.
Rf1 e3 48. Rb2 Bf3+ 49. Kc1 Rh1 50. Kc2 Rxf1 51. Bxf1 e2 0-1

[Event "Goldener Springer 2017"]
[Site "Frankfurt/Main"]
[Date "2017.??.??"]
[Round "4.8"]
[White "Rack, Matthias"]
[Black "Kirschner, Philipp"]
[Result "1-0"]
[WhiteElo "2000"]
[BlackElo "1816"]
[PlyCount "117"]
[EventDate "2017.??.??"]
[WhiteTeam "SF Neuberg"]
[BlackTeam "Sfr. Kelkheim"]

1. Nf3 d5 2. g3 Nf6 3. Bg2 Bf5 4. O-O e6 5. d3 Be7 6. Nbd2 O-O 7. Qe1 c6 8. b3
a5 9. Nh4 a4 10. Nxf5 exf5 11. e3 Bb4 12. Qe2 Qe7 13. Nb1 axb3 14. cxb3 Nbd7
15. Bb2 Rfe8 16. Nd2 Ne5 17. Nf3 Ng6 18. Qc2 h5 19. Nd4 Qd7 20. a3 Bd6 21. Bh3
Ng4 22. b4 N6e5 23. Qc3 f6 24. Rae1 b6 25. Bg2 Rac8 26. h3 Nh6 27. Qb3 Kh8 28.
f4 Ng6 29. b5 cxb5 30. Nxb5 Bf8 31. Nd4 Red8 32. Rc1 Bc5 33. Rfe1 Ne7 34. Kh2
Nc6 35. Nxc6 Rxc6 36. d4 Be7 37. Rxc6 Qxc6 38. Rc1 Qb7 39. Qb5 Nf7 40. Rc6 Rc8
41. Rxb6 Qc7 42. Rb7 Qd8 43. Qxd5 Qxd5 44. Bxd5 Nd6 45. Rb6 Rc2+ 46. Kg1 Re2
47. a4 Rxe3 48. a5 Re1+ 49. Kf2 Rb1 50. Rb8+ Kh7 51. a6 Nc8 52. Rxc8 Rxb2+ 53.
Ke3 Bd6 54. a7 Bxf4+ 55. gxf4 h4 56. a8=Q Kg6 57. Rc1 Rg2 58. Qe8+ Kh6 59. Bxg2
1-0

[Event "Goldener Springer 2017"]
[Site "Frankfurt/Main"]
[Date "2017.??.??"]
[Round "4.9"]
[White "Van der Valk, Niklas"]
[Black "Ostermeier, Thorsten"]
[Result "1-0"]
[WhiteElo "2131"]
[BlackElo "1975"]
[PlyCount "49"]
[EventDate "2017.??.??"]
[WhiteTeam "Godesberger SK"]
[BlackTeam "SF Frankfurt"]

1. d4 d5 2. c4 c6 3. e3 Nf6 4. Nf3 Bg4 5. Qb3 Qb6 6. Nc3 e6 7. Nh4 Nbd7 8. h3
Bh5 9. g4 Bg6 10. Nxg6 hxg6 11. Bg2 Qc7 12. g5 Ng8 13. Bd2 Nb6 14. cxd5 exd5
15. Rc1 Qd7 16. e4 dxe4 17. Nxe4 O-O-O 18. h4 Kb8 19. Bf4+ Ka8 20. O-O Rxh4 21.
Bg3 Rh8 22. Nc5 Bxc5 23. Rxc5 Nd5 24. Bxd5 cxd5 25. Rc7 1-0

[Event "Goldener Springer 2017"]
[Site "Frankfurt/Main"]
[Date "2017.??.??"]
[Round "4.10"]
[White "Zalewski, Ulrich"]
[Black "Bitzer, Andre"]
[Result "1-0"]
[WhiteElo "1810"]
[BlackElo "1794"]
[PlyCount "91"]
[EventDate "2017.??.??"]
[WhiteTeam "Biebertaler SF"]
[BlackTeam "SV Griesheim"]

1. e4 d5 2. exd5 Qxd5 3. Nc3 Qd6 4. d4 Nf6 5. Bc4 Bf5 6. Nf3 c6 7. O-O e6 8.
Re1 Be7 9. Bg5 O-O 10. Bh4 Nbd7 11. Bg3 Qb4 12. Bb3 Nb6 13. a3 Qa5 14. Re5 Nbd5
15. Nxd5 Nxd5 16. c4 Bf6 17. cxd5 Bxe5 18. dxe5 exd5 19. Qd2 Qb5 20. Nd4 Qd3
21. Qxd3 Bxd3 22. Rd1 Bg6 23. f4 Be4 24. Ne2 Rae8 25. Nc3 Bg6 26. Bf2 b6 27. g4
f5 28. g5 h6 29. h4 hxg5 30. hxg5 Kf7 31. Kg2 Rh8 32. Rh1 Rxh1 33. Kxh1 Rh8+
34. Kg2 Bh5 35. Bd1 Bxd1 36. Nxd1 c5 37. Nc3 d4 38. Nb5 Ke6 39. Nxa7 d3 40. Be1
Rd8 41. Bd2 Rd4 42. Nb5 Rc4 43. Nc3 b5 44. b3 Re4 45. Nxe4 fxe4 46. Kf2 1-0

[Event "Goldener Springer 2017"]
[Site "Frankfurt/Main"]
[Date "2017.??.??"]
[Round "4.11"]
[White "Calvi, Stefan"]
[Black "Czybik, Nils Patrick"]
[Result "1/2-1/2"]
[WhiteElo "2084"]
[BlackElo "2150"]
[PlyCount "50"]
[EventDate "2017.??.??"]
[WhiteTeam "SF Frankfurt"]
[BlackTeam "SF Erkelenz 1959"]

1. e4 c5 2. c3 g6 3. Nf3 Bg7 4. d4 cxd4 5. cxd4 d5 6. e5 Nh6 7. Bb5+ Bd7 8. Qb3
Bxb5 9. Qxb5+ Qd7 10. Nc3 e6 11. O-O O-O 12. Qxd7 Nxd7 13. Bg5 a6 14. Rac1 Rfc8
15. Na4 b6 16. h3 Kf8 17. Bd2 Ng8 18. g4 Ke8 19. Rfd1 Bf8 20. Be3 h6 21. Ne1 b5
22. Nc3 Rc6 23. Nd3 Rac8 24. Nb1 Rxc1 25. Rxc1 Rxc1+ 1/2-1/2